| 000 | 01090nam a2200265 i 4500 | ||
|---|---|---|---|
| 001 | 70598 | ||
| 003 | ES-MaACL | ||
| 005 | 20250824052154.0 | ||
| 007 | t| | ||
| 008 | 040728s1952 sp |||| | spa d | ||
| 040 |
_cES-MaACL _dES-MaACL |
||
| 100 | 1 |
_aGarciasol, Ramón de, _d1913-1994 _eaut _9236221 |
|
| 245 | 1 | 0 |
_aHa nacido un niño _b: (estampa radiofónica) / _cRamón de Garciasol (seud.). |
| 260 |
_aMadrid : _b[s.n., _c1952]. |
||
| 300 |
_a16 p. ; _c24 cm. |
||
| 500 | _aEs separata de: Anales Cervantinos, t. 2, 1952. | ||
| 655 | 0 |
_aTeatro _9234794 |
|
| 852 |
_aES-MaACL _j1622-F-22 _973236 _cDEPOF |
||
| 852 |
_aES-MaACL _jFOLL-BUE-124 _9203761 _cDEPOF _gDedicatoria manuscrita del autor, Ramón de Garciasol, para Antonio Buero Vallejo en página 1: "Al gran Antonio Buero, con el abrazo y la vieja amistad de [firma] 1953". _hLegado: Antonio Buero Vallejo |
||
| 903 |
_932421 _aBuero Vallejo, Antonio, _q1 _d1916-2000 _ednr |
||
| 942 |
_cFOLLETOS _n0 |
||
| 999 |
_c70598 _d70598 |
||